00923nam a2200193Ia 4500001009100000002005300091008004100144010001100185090001900196100002800215260003300243300000700276500002700283901020000310902018100510904000900691942001000700999001900710IA_2547,07/04/2015,07/04/2015,5232272015 MX NMBL8223223122SPA16,"U. de S. P. R. de R. L. en el municipio de Ocotlán220117sS. P xx 000 0 und d a185653 aTesis C78 2015 aCruz Martínez9159797 aMéxico :bEl autor,cS. P avi aEl CD contiene reporte arecibirá un mayor precio por la leche al transformarlo en yogur y generar valor agregado a diferencia que se comercialice como leche fría. Con base a un análisis integral de la factibilidad arentabilidad y riesgo del proyecto se presenta un dictamen sobre la conveniencia y condiciones para realizar el proyecto de agregación de la línea de producción de yogur. aS. P c88 h. c185653d185653